000 00618nam a22001937a 4500
003 SEM
005 20220608072414.0
008 170718b xxu||||| |||| 00| 0 eng
040 _aՍԷՄ
_cՍԷՄ
041 1 _aeng.
_hgerm.
080 _a947.925(K)/A-82
100 1 _aAsenbauer Haig E.
245 2 4 _aOn the right of self-determination of the armenian people of Nagorno-Karabakh. /
_cH. Asenbauer; Trl.: M. Papazian
260 _aNew York:
_bThe Armenian prelacy,
_c1996.
300 _a355 p.;
_bmaps;
_c24 cm.
650 _aHistory of Armenia
_xNagorno-Karabakh
700 1 _aPapazian Michael
_4trl.
942 _2udc
_cBK
999 _c55435
_d55435